Birth control by assetless workers in Kerala (Record no. 4456)

000 -LEADER
fixed length control field 00417pab a2200145 454500
008 - FIXED-LENGTH DATA ELEMENTS--GENERAL INFORMATION
fixed length control field 180718b1986 xxu||||| |||| 00| 0 eng d
100 ## - MAIN ENTRY--PERSONAL NAME
Personal name Basu, Alaka Malwade
245 ## - TITLE STATEMENT
Title Birth control by assetless workers in Kerala
Remainder of title The possibility of a poverty induced fertility transition
260 ## - PUBLICATION, DISTRIBUTION, ETC.
Date of publication, distribution, etc. 1986
300 ## - PHYSICAL DESCRIPTION
Extent 165-82
362 ## - DATES OF PUBLICATION AND/OR SEQUENTIAL DESIGNATION
Dates of publication and/or sequential designation April
650 ## - SUBJECT ADDED ENTRY--TOPICAL TERM
Topical term or geographic name entry element Birth Control
773 ## - HOST ITEM ENTRY
Main entry heading Development and Change
909 ## -
-- 4456
Holdings
Withdrawn status Lost status Damaged status Not for loan Permanent Location Current Location Date acquired Serial Enumeration / chronology Barcode Date last seen Price effective from Koha item type
        Indian Institute of Public Administration Indian Institute of Public Administration 2018-07-19 Volume no: 17, Issue no: 2 AR4459 2018-07-19 2018-07-19 Articles

Powered by Koha